00917nam a2200193 a 450000100100000000500170001000800410002702000150006804000250008324500710010826000970017930000200027650000310029671000460032795201050037395201110047895201170058999900170070600004037920201002034108.0130823s1999 mx 000 0 spa d a9683674518 aDO-SdBNPbspacBNPHU00aServicios de información digita para la comunidad universitaria. aMéxico :bUniversidad Autónoma de México :bDirección General de Bibliotecas,c1999. a95 p. ;c22 cm. aPrimera reimpresión 19992 aUniversidad Autónoma de México966592 001050718MOaGRbGRcCTd2013-08-23iLF1l0o p40379-10r2020-06-25w2020-06-25y1ZNo se presta 001050718MOaGRbGRcCTd2013-08-23iLF1l0o p40379-20r2020-06-25te. 2w2020-06-25y1ZNo se presta 001052708MOaGRbGRcCTd2013-08-23iLF1l0o p40379-30r2020-06-25te. 3w2020-06-25y2ZPréstamo interno c39869d39869